=LDR 00000nam 2200000 4500 =001 INLIS00000000000067 =005 20260702043538 =020 ##$$a 978-623-6822-63-0 =082 ##$$a 618.923 =100 1#$$a Simanjutak, Betty Yosephin =245 1 $$a Mikrobiota Vs Stunting Pada Anak /$c Betty Yosephin Simanjutak =300 ##$$a vi + 74 ; 15 x 21 cm